000 01663nam2a2200313 4500
001 RU\NLR\bibl\1257592
005 20260406093841.0
010 _a5-85519-336-3
035 _a(NLR Aleph) 001243615
090 _a274548
_c274548
100 _a20080731d2006 |||y0rusy50 ca
101 0 _arus
102 _aRU
105 _aa |||||||||
200 0 _aКн. 10
_f[Х.А. Абдухманов, О.Н. Азовская, Н.Б. Андренов и др.]
210 _d2006
_aБ. м.
215 _a292, [1] с.
_cил.
320 _aБиблиогр. в прим. в конце гл.
461 0 _1001RU\NLR\bibl\531163
_12001#$aЭкономические исследования: анализ состояния и перспективы развития$vКн. 10
_91307900
_cВоронеж
_d2004
_f[Профессора: к.э.н. Лыгина Н.И., к.э.н. Никифоров В.М., д.э.н. Хорев А.И. и др.]
_lEconomic researches: the analysis of a condition and prospect of development
_nВоронеж. госпедуниверситет
_oмонография
_tЭкономические исследования: анализ состояния и перспективы развития
_vКн. 10
701 1 _aАбдухманов
_bХ. А.
_4070
701 1 _aАзовская
_bО. Н.
_gОльга Николаевна
_4070
701 1 _4070
_7ca
_8rus
_aАндренов
_bН. Б.
_f1946-
_gНиколай Бадмаевич
_3RU\NLR\AUTH\7767322
_950250
801 0 _aRU
_bNLR
_c20080731
_gRCR
801 1 _aRU
_bNLR
_c20080731
830 _a1-го авт. в кат. нет
942 _cBOOK
980 _aNB